00269nam a2200097Ia 4500082000800000245002300008100007300031942000700104008004100111999001900152 aOBE 0aRyk man se dogter  a OBERHOLZER, Lourens Pretoria, 1992 Grootdrukuitg 913848 cBK210817s9999 xx 000 0 und d c386906d386906